[Event "BCF-chT4 2223 (4NCL)"]
[Site "England"]
[Date "2023.03.26"]
[Round "8.159"]
[White "Shek, Kim"]
[Black "Kovalyova, Taisiya"]
[Result "1/2-1/2"]
[WhiteElo "1069"]
[BlackElo "1351"]
[PlyCount "67"]
[EventDate "2022.11.05"]
[EventType "team-swiss"]
[EventRounds "11"]
[EventCountry "ENG"]
[SourceTitle "EXT 2024"]
[Source "ChessBase"]
[SourceDate "2023.10.10"]
[SourceVersion "1"]
[SourceVersionDate "2023.10.10"]
[SourceQuality "1"]
[WhiteTeam "Crowthorne II"]
[BlackTeam "Oxford IV"]
[WhiteTeamCountry "ENG"]
[BlackTeamCountry "ENG"]

1. c4 Nf6 2. Nc3 c6 3. d4 d5 4. e3 e6 5. Nf3 Bb4 6. Bd2 0-0 7. Bd3 dxc4 8. Bxc4 c5 9. Ne2 Bxd2+ 10. Qxd2 Ne4 11. Qc2 Qa5+ 12. Nc3 Nxc3 13. Qxc3 Qxc3+ 14. bxc3 Nd7 15. 0-0 a6 16. a4 Nb6 17. Nd2 Bd7 18. Bb3 Rac8 19. Rfc1 c4 20. Bd1 Nd5 21. Bf3 Rfe8 22. Ne4 Rc6 23. Nc5 Rc7 24. Bxd5 exd5 25. Nxd7 Rxd7 26. Rcb1 Re6 27. a5 Kf8 28. Rb2 Ke8 29. Rab1 Ree7 30. Kf1 f5 31. Ke2 f4 32. g3 fxe3 33. fxe3 Kf7 34. Rb6 1/2-1/2